| 000 | 00625nam a2200229Ia 4500 | ||
|---|---|---|---|
| 003 | OSt | ||
| 005 | 20220928111453.0 | ||
| 006 | a|||||r|||| 00| 0 | ||
| 007 | ta | ||
| 008 | 220927b |||||||| |||| 00| 0 eng d | ||
| 024 | _a60106 | ||
| 037 | _cTextual | ||
| 040 |
_aSDCL _cSDCL _beng |
||
| 041 |
_2eng _aeng |
||
| 082 | _aR693xD39, N7 | ||
| 100 |
_aPande Sriprakash _9423800 |
||
| 245 | 0 |
_aSidhsen Divakar _bvyakti avam kritittv. |
|
| 260 |
_aVaranasi _bParshvnath Vidyapeeth _c1997 |
||
| 300 |
_a80p _ccm. |
||
| 942 |
_hR693xD39, N7 _cTEXL _2CC |
||
| 999 |
_c740363 _d740363 |
||